| 000 | 00505nam a2200169 i 4500 | ||
|---|---|---|---|
| 001 | 87373 | ||
| 003 | ES-MaACL | ||
| 005 | 20230906175646.0 | ||
| 007 | t| | ||
| 008 | 041221s1968 sp ||||1| spa d | ||
| 100 | 1 |
_aKohler, Werner M. _968486 |
|
| 245 | 1 | 0 |
_aInstrumentos de medida y su uso / _cWerner M. Kohler ; versión por Luis Ibáñez. |
| 260 |
_aBarcelona : _bMarcombo, _c[1968] |
||
| 300 |
_a125 p. : _bil. ; _c17 cm. |
||
| 700 | 1 |
_aIbáñez, Luis. _964909 |
|
| 852 |
_aES-MaACL _jC-36645 _bR.65843 |
||
| 999 |
_c87373 _d87373 |
||